000 00536nam a2200205Ia 4500
005 20250923144448.0
008 008 250917s9999 xx 000 0 eng d
037 _aTextual
040 _aDSWL
_beng
_cDSWL
041 _aeng
_2eng
084 _qDSWL
100 _aChild, Gordon
_9825142
245 0 _aWhat happened in history
_cby Gordon Child
260 _aEngland
_bPenguin Books , Harmondsworth Middlex
_c1952
300 _a283p.
365 _b2
925 _g2
942 _cTEXL
999 _c1439179
_d1439179